000 00841nam a22002297a 4500
003 UA-OsUOA
001 122640
007 ta
008 20170510b un ||||| |||| 00| 0 ukr d
100 _aКолос І.
700 _aГудименко О.
090 _a657
_bК61
942 _cSA
040 _aUA-OsUOA
_bukr
_cUA-OsUOA
_dUA-OsUOA
245 _aІнтеграція методів стратегічного управлінського обліку виробничих запасів: науково-методичні і прикладні аспекти
300 _aС.35
955 _a0
041 _aukr
080 _a657
773 0 _w122636
_tБухгалтерський облік і аудит
_dК.
_d2017
_g3
650 7 _a657 Бухгалтерія. Бухгалтерський облік. Рахівництво
_2UDC
999 _c409090
_d409090